International encyclopedia of the social sciences / (Record no. 15161)

MARC details
000 -LEADER
fixed length control field 01329nam a22003132 4500
001 - CONTROL NUMBER
control field 0000018704
005 - DATE AND TIME OF LATEST TRANSACTION
control field 20151217161146.0
008 - FIXED-LENGTH DATA ELEMENTS--GENERAL INFORMATION
fixed length control field 100608s xx 000 0 eng d
020 ## - INTERNATIONAL STANDARD BOOK NUMBER
International Standard Book Number 0028659657 (set hdb) :
040 ## - CATALOGING SOURCE
Original cataloging agency KABU
Transcribing agency KABU
245 10 - TITLE STATEMENT
Title International encyclopedia of the social sciences /
Statement of responsibility, etc. edited by William A. Darity.
250 ## - EDITION STATEMENT
Edition statement 1st ed.
260 ## - PUBLICATION, DISTRIBUTION, ETC. (IMPRINT)
Place of publication, distribution, etc. New York :
Name of publisher, distributor, etc. Gale,
Date of publication, distribution, etc. 2008.
300 ## - PHYSICAL DESCRIPTION
Extent 9 v.
650 #0 - SUBJECT ADDED ENTRY--TOPICAL TERM
Topical term or geographic name as entry element Social sciences
General subdivision Dictionaries.
-- 0000161058
650 #0 - SUBJECT ADDED ENTRY--TOPICAL TERM
Topical term or geographic name as entry element Social sciences
General subdivision Encyclopedias.
-- 0000178023
700 1# - ADDED ENTRY--PERSONAL NAME
Personal name Darity, William A.
-- 0000178024
852 1# - LOCATION
-- p15280 KES
852 1# - LOCATION
-- p15280 KES
852 1# - LOCATION
-- p15280 KES
852 1# - LOCATION
-- p15280 KES
852 1# - LOCATION
-- p15280 KES
852 1# - LOCATION
-- p15280 KES
852 1# - LOCATION
-- p15280 KES
852 1# - LOCATION
-- p15280 KES
852 1# - LOCATION
-- p15280 KES
908 ## - PUT COMMAND PARAMETER (RLIN)
Put command parameter 100608
950 ## - LOCAL HOLDINGS (RLIN)
-- 1
Holdings
Withdrawn status Lost status Source of classification or shelving scheme Not for loan Home library Current library Date acquired Total Checkouts Full call number Barcode Date last seen Price effective from Koha item type
    Library of Congress Classification Not For Loan Kabarak, Main Campus Kabarak, Main Campus 17/12/2015   H41 .I58 2008 v. 1 c. 1 24922 17/12/2015 17/12/2015 Reference
    Library of Congress Classification Not For Loan Kabarak, Main Campus Kabarak, Main Campus 17/12/2015   H41 .I58 2008 v. 2 c. 1 24927 17/12/2015 17/12/2015 Reference
    Library of Congress Classification Not For Loan Kabarak, Main Campus Kabarak, Main Campus 17/12/2015   H41 .I58 2008 v. 3 c. 1 24926 17/12/2015 17/12/2015 Reference
    Library of Congress Classification Not For Loan Kabarak, Main Campus Kabarak, Main Campus 17/12/2015   H41 .I58 2008 v. 4 c. 1 24925 17/12/2015 17/12/2015 Reference
    Library of Congress Classification Not For Loan Kabarak, Main Campus Kabarak, Main Campus 17/12/2015   H41 .I58 2008 v. 5 c. 1 24921 17/12/2015 17/12/2015 Reference
    Library of Congress Classification Not For Loan Kabarak, Main Campus Kabarak, Main Campus 17/12/2015   H41 .I58 2008 v. 6 c. 1 24920 17/12/2015 17/12/2015 Reference
    Library of Congress Classification Not For Loan Kabarak, Main Campus Kabarak, Main Campus 17/12/2015   H41 .I58 2008 v. 7 c. 1 24919 17/12/2015 17/12/2015 Reference
    Library of Congress Classification Not For Loan Kabarak, Main Campus Kabarak, Main Campus 17/12/2015   H41 .I58 2008 v. 8 c. 1 24924 17/12/2015 17/12/2015 Reference
    Library of Congress Classification Not For Loan Kabarak, Main Campus Kabarak, Main Campus 17/12/2015   H41 .I58 2008 v. 9 c. 1 24923 17/12/2015 17/12/2015 Reference
Designed with assistance from East African Informatics Ltd